000 00759nas a2200229 i 4500
001 1934
003 ES-MaACL
005 20250809062531.0
007 t|
008 950801d19031936sp | | 1 |spa d
245 0 0 _aRevista jurídica.
260 _aMadrid :
_bTip. José Rueda,
_c1903-1936 (
_fRafael Espinosa)
300 _a28 v. ;
_c28 cm.
310 _aDecenal
321 _aSemanal,
_b1903-19
362 0 _aAño I (marzo 1903)-(1936)
650 7 _aDerecho
_2embne
_911602
700 1 _aGalvarriato, Juan Antonio.
_9176384
852 4 _aES-MaACL
_jHem-457
866 0 _o1903-09,1911-13,1915-16(1917f.n.727)1918-25(1926f.n.1093)(1927f.n.1109y1130)1928(1929f.n.1167y1177)1930-32(1933f.n.1290)1934(1935f.n.1364)(1936f.n.1386)
999 _c1934
_d1934